专名中含有15笔及以上的字的地级行政区 - Statistics

General Stats
  • This quiz has been taken 36 times
  • The average score is 19 of 28
Answer Stats
笔画数 地级行政区 % Correct
15 德州市
93%
15 德阳市
86%
15 湘潭市
83%
24 衢州市
76%
16、15 鹤、壁 鹤壁市
76%
15 鹤岗市
76%
21 赣州市
72%
19 攀枝花市
72%
17 襄阳市
72%
15、15 德、镇 景德镇市
72%
18、15 鹰、潭 鹰潭市
69%
16 衡阳市
69%
16 黔西南布依族苗族自治州
69%
16 黔东南苗族侗族自治州
69%
16 黔南布依族苗族自治州
69%
15 鞍山市
69%
15 常德市
69%
15 马鞍山市
69%
16 衡水市
66%
15 承德市
66%
15 宁德市
66%
15 镇江市
66%
15 遵义市
66%
17 濮阳市
59%
15 潮州市
55%
15 德宏傣族景颇族自治州
52%
16 石嘴山市
45%
15 儋州市
34%
No matching quizzes found
Score Distribution
Percent of People with Each Score
Percentile by Number Answered
Your Score History
You have not taken this quiz